Szczegóły MARC21

Geschichte der deutschen Literatur von der Anfängen bis zur Gegenwart Bd.12, Geschichte der Litertur der Bundesrepublik Deutschland /

005 -DATA I CZAS OSTATNIEJ MODYFIKACJI [,]
    • @
    • pole kontrolne
    • 20070315155141.9
040 -Instytucja sporządzająca opis [ , ]
    • a
    • Instytucja, która sporządziła opis (NP)
    • SZCZ U
    • c
    • Instytucja, która sporządziła rekord (NP)
    • SZCZ U
041 -Język dokumentu [0, ]
    • a
    • Język tekstu (P)
    • niemiecki
    • h
    • Język tekstu oryginalnego i/lub pośredniego (P)
    • niemiecki
942 -Rodzaj dokumentu [ , ]
    • c
    • Rodzaj dokumentu
    • Książka
245 -Strefa tytułu i oznaczenia odpowiedzialności [0, ]
    • a
    • Tytuł
    • Geschichte der deutschen Literatur von der Anfängen bis zur Gegenwart Find
    • n
    • Oznaczenie części (P)
    • Bd.12,
    • p
    • Nazwa części (P)
    • Geschichte der Litertur der Bundesrepublik Deutschland /
    • c
    • Pozostałe elementy strefy tytułu i oznaczenia odpowiedzialności (NP)
    • Hrsg. Hans-Günther Thalheim [i in.].
250 -Strefa wydania [ , ]
    • a
    • Oznaczenie wydania (NP)
    • [2 Aufl.].
260 -Strefa adresu wydawniczego [ , ]
    • a
    • Miejsce wydania (P)
    • Berlin :
    • b
    • Nazwa wydawcy (P)
    • Volk und Wissen Volkseigener Verl.,
    • c
    • Data wydania (P)
    • 1985.
300 -Strefa opisu fizycznego [ , ]
    • a
    • Określenie formy książki i/lub objętość (NP)
    • 639 s :
    • b
    • Oznaczenie ilustracji (NP)
    • [7] k.tabl :
    • c
    • Format (NP)
    • 25 cm.
500 -Uwaga ogólna [ , ]
    • a
    • Uwaga ogólna (NP)
    • Ind
080 -Uniwersalna Klasyfikacja Dziesiętna [ , ]
    • a
    • Symbol klasyfikacji
    • 830(091)=30
980 -Symbol UKD [ , ]
    • a
    • UKD
    • 830(091)=30
700 -Hasło dodatkowe - nazwa osobowa [ , ]
    • a
    • Nazwa osobowa (NP)
    • Thelheim Hans Günther Find
Numer inwentarzowy Status udost. Data inwentaryzacji Lokalizacja Sygnatura
G.454412002-07-12BMGERM. Lit. niem. - lit. RFN 05